Teora̕ de la antijuridicidad y las causas de justificacin̤

Bibliographic Details
Main Author: Piva Torres, Gianni Egidio
Other Authors: Cornejo Aguiar, Jos ̌Sebastiǹ
Format: eBook
Language:Spanish
Published: Barcelona: J.M. Bosch Editor, 2021
Subjects:
Online Access:Acceso restringido

MARC

LEADER 00000nam a22000007a 4500
005 20220517212840.0
007 cr|||| ||||
008 220517s2021 es |||||s|||| 00||0 spa d
020 |a 978-84-123917-9-4 
035 |a 35649 
040 |a vLex 
090 |c 13353  |d 13353 
100 1 |a Piva Torres, Gianni Egidio 
245 1 0 |a Teora̕ de la antijuridicidad y las causas de justificacin̤  |h [Recurso electrn̤ico] /  |c Gianni Egidio Piva Torres, Jos ̌Sebastiǹ Cornejo Aguiar 
256 |a Servicio en ln̕ea 
260 |a Barcelona:  |b J.M. Bosch Editor,  |c 2021 
300 |a 1 recurso electrn̤ico 
500 |a Como misin̤ de vida es necesario poder escribir algo propio y que a la vez esto sea una experiencia muy personal ya que sin lugar a dudas esto no puede significar lo mismo para todos, debido a que escribir es conocer, aprender, descubrir, volar, viajar, sumergirte en un mar de sensaciones mediante cada una de las letras que se encuentran plasmadas, es por ello que en la presente ocasin̤ se pone en consideracin̤ la presente obra que comprende doce capt̕ulos con temas referentes a: ±ESQUEMAS DEL DELITO »; ±LA ANTIJURIDICIDAD»; ±TEORÍAS EN TORNO A LA ANTIJURIDICIDAD»; ±LA ANTIJURIDICIDAD Y EL INJUSTO PENAL»; ±ANTIJURIDICIDAD Y SISTEMA DE LA TEORÍA DEL DELITO»; ±CLASES DE ANTIJURIDICIDAD»; ±EXCESO EN LAS CAUSAS DE EXCLUSIÓN DE LA ANTIJURIDICIDAD»; ±CAUSAS DE EXCLUSIÓN DE LA ANTIJURIDICIDAD»; ±LEGÍ- TIMA DEFENSA»; ±CUMPLIMIENTO DE UNA ORDEN LEGÍTIMA Y EXPRESA DE AUTORIDAD COMPETENTE»; ±DEBER LEGAL»; y, ±ESTADO DE NECESIDAD». Capt̕ulos que nos permiten entender y comprender la maravilla de la dogmt̀ica penal de una manera objetiva y con una estructura lg̤ica, tal es as ̕que la preocupacin̤ en la presente obra ha sido de realizar un recuento histr̤ico, cuyo objetivo principal es dar al lector una visin̤ de la necesidad y funcionalidad de varios aspectos dogmt̀icos que permiten dar a entender como la obra se constituye en una herramienta de consulta que versa de por si en la esencia de la antijuridicidad y las causas de justificacin̤ en materia penal. 
506 1 |a Disponible solo en los productos indicados  |d vLex Global  |d vLex Global (Academic Edition, excluding Law Schools)  |d vLex Global (U.S. Academic Edition, Law Schools)  |d vLex Global (U.S. Academic Edition, excluding Law Schools)  |d vLex Global (Academic Edition, Law Schools) 
650 0 4 |a Derecho Penal  |z Espaą 
650 0 4 |a Procedimiento Penal  |z Espaą 
700 1 |a Cornejo Aguiar, Jos ̌Sebastiǹ 
740 0 |a vLex Libros (Servicio en ln̕ea) 
856 4 0 |u https://app.vlex.com/#/sources/35649  |z Acceso restringido 
942 |c BOOK 
999 0 |a Criminal Law 
999 0 |a Criminal Procedure